Пропуск в контексте

Военно-статистическое обозрение земель киргиз-кайсаков Внутренней Букеевской и Зауральской Малой орды Оренбургского ведомства по рекогносцировкам и материалам, собранным на месте

Классическое произведение, относящееся к общественному достоянию.

Сохранить в:
Bibliografiske detaljer
Hovedforfatter: Бларамберг И. Ф.
Format: Книга
Sprog:Russian
Udgivet: Санкт-Петербург Лань 2013
Fag:
Online adgang:http://e.lanbook.com/books/element.php?pl1_cid=25&pl1_id=30607
https://e.lanbook.com/img/cover/book/30607.jpg
Tags: Tilføj Tag
Ingen Tags, Vær først til at tagge denne postø!
LEADER 01330nam0a2200253 i 4500
001 30607
003 RuSpLAN
005 20221220173914.0
008 221220s2013 ru gs 000 0 rus
020 |a 978-5-507-29597-5 
040 |a RuSpLAN 
041 0 |a rus 
044 |a ru 
245 0 0 |a Военно-статистическое обозрение земель киргиз-кайсаков Внутренней Букеевской и Зауральской Малой орды Оренбургского ведомства по рекогносцировкам и материалам, собранным на месте  |c Бларамберг И. Ф. 
260 |a Санкт-Петербург  |b Лань  |c 2013 
300 |a 193 с. 
504 |a Библиогр.: доступна в карточке книги, на сайте ЭБС Лань 
520 8 |a Классическое произведение, относящееся к общественному достоянию. 
521 8 |a Книга из коллекции Лань - География 
653 0 |a география 
100 1 |a Бларамберг И. Ф. 
856 4 |u http://e.lanbook.com/books/element.php?pl1_cid=25&pl1_id=30607 
856 4 8 |u https://e.lanbook.com/img/cover/book/30607.jpg 
953 |a https://e.lanbook.com/img/cover/book/30607.jpg 
Cannot write session to /tmp/vufind_sessions/sess_dgt577phi2kb1ignck0bvo3757